Central Library OPAC University of Rajshahi

Raja Rammohun Roy : (Record no. 23620)

MARC details
000 -LEADER
fixed length control field 00742nam a2200253 a 4500
001 - CONTROL NUMBER
control field 23620
003 - CONTROL NUMBER IDENTIFIER
rucl marc code BD-RjUL
005 - DATE AND TIME OF LATEST TRANSACTION
control field 20211209000942.0
008 - FIXED-LENGTH DATA ELEMENTS--GENERAL INFORMATION
fixed length control field 140311s1972 ii a b 001 0beng
035 ## - SYSTEM CONTROL NUMBER
System control number (BD-RjUL)
040 ## - CATALOGING SOURCE
Original cataloging agency LC
Language of cataloging eng
Transcribing agency LC
Modifying agency BD-RjUL
041 ## - LANGUAGE CODE
Language code of text/sound track or separate title eng
082 04 - DEWEY DECIMAL CLASSIFICATION NUMBER
Edition number 21
Classification number 954.03092
Author mark and year NAR 1972
100 1# - MAIN ENTRY--PERSONAL NAME
Personal name Nag, Jamuna,
Dates associated with a name 1921-
9 (RLIN) 72698
245 10 - TITLE STATEMENT
Title Raja Rammohun Roy :
Remainder of title India's great social reformer /
Statement of responsibility, etc. Jamuna Nag.
250 ## - EDITION STATEMENT
Edition statement 1st ed.
260 ## - PUBLICATION, DISTRIBUTION, ETC. (IMPRINT)
Place of publication, distribution, etc. New Delhi :
Name of publisher, distributor, etc. Sterling Publishers,
Date of publication, distribution, etc. 1972.
300 ## - PHYSICAL DESCRIPTION
Pagination 167 p. :
Illustrations illus.
Size 22 cm.
504 ## - BIBLIOGRAPHY, ETC. NOTE
Bibliography, etc Bibliography: p. [161]-164. and index.
600 00 - SUBJECT ADDED ENTRY--PERSONAL NAME
Personal name Rammohun Roy,
Titles and other words associated with a name Raja,
Dates associated with a name 1772?-1833.
942 ## - ADDED ENTRY ELEMENTS (KOHA)
Source of classification or shelving scheme Dewey Decimal Classification
Koha item type Books
Holdings
Lost status Source of classification or shelving scheme Damaged status Not for loan Collection code Permanent Location Current Location Shelving location Date acquired Source of acquisition Cost, normal purchase price Total Checkouts Full call number Date last seen Copy number Koha item type
  Dewey Decimal Classification   Added to bundle Non-fiction Central Library, University of Rajshahi Central Library, University of Rajshahi Reading Room 22/04/1974 Book centre. 20.00   954.03092 NAR 1972 11/03/2014 C-1 Books